| 000 | 02055nam0a2200397 4500 | ||
|---|---|---|---|
| 001 | RU\NLR\bibl\1842160 | ||
| 005 | 20250616172501.0 | ||
| 010 |
_a978-5-7339-0826-7 _9100 |
||
| 021 |
_aRU _b2011-88648 _96329 |
||
| 035 | _a(nilc)RSL-KNO-005076468 | ||
| 035 | _a(NLR Aleph) 001832614 | ||
| 090 |
_a2160205 _c2160205 |
||
| 100 | _a20111114d2011 |||y0rusy50 ca | ||
| 101 | 0 | _arus | |
| 102 | _aRU | ||
| 105 | _aa ||||||||| | ||
| 200 | 1 |
_aОсновы проектирования спутниковых систем связи _eучебное пособие _fЕ. С. Беспалов, М.И. Мусянков, А.П. Пирхавка, Г.М. Чернявский _gМ-во образования и науки Российской Федерации, Федеральное гос. бюджетное образовательное учреждение высш. проф. образования "Московский гос. технический ун-т радиотехники, электроники и автоматики" |
|
| 210 |
_aМосква _cМГТУ МИРЭА _d2011 |
||
| 215 |
_a87 с. _cил. _d20 |
||
| 320 | _aБиблиогр.: с. 86 (7 назв.) | ||
| 606 | 1 |
_aСпутниковая радиосвязь _jУчебные издания для высших учебных заведений _xСистемы _xПроектирование _92219415 _3RU\NLR\auth\661332786 |
|
| 686 |
_aЗ884.17-02я73-1 _2rubbk |
||
| 686 | _aЗ884.17-02я73-1 | ||
| 701 | 1 |
_aБеспалов _bЕ. С. _gЕвгений Семенович _4070 |
|
| 701 | 1 |
_aМусянков _bМ. И. _gМихаил Иванович _4070 |
|
| 701 | 1 |
_aПирхавка _bА. П. _gАлексей петрович _4070 |
|
| 701 | 1 |
_aЧернявский _bГ. М. _f1926-2021 _gГригорий Маркелович _4070 |
|
| 801 | 0 |
_aRU _bRuMoRKP _c20111114 _grcr |
|
| 801 | 1 |
_aRU _bРГБ _c20111114 |
|
| 801 | 2 |
_aRU _bNLR _c20111201 _grcr |
|
| 830 | _aавт. по кн. | ||
| 942 | _cBOOK | ||
| 980 | _aNB | ||
| 980 | _aNBR | ||